000 00951 a2200265 4500
001 61138
005 20260407155902.0
008 260407a2016 arg spa d
003 AR-UNSa-BCEJYS
040 _aAR-UNSa-BCEJYS
_bspa
_cAR-UNSa-BCEJYS
080 _a330.567.28
_xEconomía y Finanzas de los particulares
245 1 0 _aEl negocio del siglo 21
020 _a978-987-04-3276-0
250 _a3a. ed.
264 1 _aBuenos Aires :
_bAguilar
_c2016
300 _a207 p.
_c23 cm.
505 _aPrimera Parte: Asume el control de tu futuro – Segunda Parte: Un negocio, ocho activos para la creación de riqueza – Tercera Parte: Tu futuro comienza ahora -
041 _aspa
942 _cBK
590 _aniveau_biblio:m niveau_hierar:0
100 1 _aKiyosaki, Robert T.
700 1 _aFleming, John
700 1 _aKiyosaki, Kim
856 4 1 _uhttps://www.biblioeco.unsa.edu.ar/pmb/images/libros/L129316.jpg
_yImagen de portada
_qimage/jpeg
999 _c7240
_d7240